| 000 | 00495cam a22001812a 4500 | ||
|---|---|---|---|
| 001 | 023446 | ||
| 003 | AR-FADEU | ||
| 008 | 311216n1966####xxu####################dd | ||
| 092 |
_a333.335 8 _bI62 _eBDT |
||
| 245 | _aINVESTIGACION sociológica y vida rural en América Central, Mexico y la región del Caribe | ||
| 260 | _aBélgica | ||
| 260 | _bUnesco | ||
| 260 | _c1966 | ||
| 300 | _a267 p | ||
| 440 | _aTecnología y sociedad | ||
| 650 | _aVIDA RURAL-AMERICA LATINA/BDT/ | ||
| 942 | _cBDT | ||
| 999 |
_c29136 _d29136 |
||